Statistics for Math - level 2

Click here to take the quiz!

General Stats

  • This quiz has been taken 1,623 times
  • The average score is 12 of 12

Answer Stats

HintAnswer% Correct
4*832
99%
35/57
99%
81/99
99%
2*1734
98%
36/94
98%
7*963
98%
6*1166
98%
72/98
98%
8*756
97%
12*9108
96%
105/715
95%
5*1785
95%

Score Distribution

Percentile by Number Answered

Percent of People with Each Score

Your Score History

You have not taken this quiz